02082nab a2200469 i 450000100060000000300080000600500170001400600190003100700150005000800410006502200140010603500220012004000310014205000200017308000120019308200120020510000470021724501290026426401770039331000140057033600310058433700330061533800430064836200100069158800830070158800890078459001620087365000150103565000130105065000170106365000170108065000290109765000190112665000160114565000270116165500320118870000470122077302480126779700180151585600620153399900170159563199FINmELB20241217142323.0m o d | cr cnu||||||||240708c20049999mx fr p o 0 0spa d a1665-0824 a(OCoLC)1449571280 aFINmELBbspaerdacFINmELB 4aL11b.C378 2004 a37(045)04a3702231 aCastañeda González, Alejandro,eautor.13aLa reprobación en matemáticas :bdos experiencias /cAlejandro Castañeda González, María de Jesús Tostado Uribe. 1aToluca, México :bUniversidad Autónoma del Estado de México, Instituto Tecnológico de Toluca, Instituto de Ciencias de la Educación del Estado de México,c2004. aSemestral atextobtxt2rdacontent/spa acomputadorabc2rdamedia/spa arecurso en líneabcr2rdacarrier/spa0 a1999- aDescripción basada en metadatos suministrados por el editor y otras fuentes. aDescripción basada en Tiempo de educar, Vol. 5, Num. 9 (Ene-Jun 2004), P. 141-172. aRecurso electrónico. Santa Fe, Arg.: elibro, 2024. Disponible vía World Wide Web. El acceso puede estar limitado para las bibliotecas afiliadas a elibro. 4aActitudes. 4aAlumnos. 4aDidáctica. 4aEnseñanza. 4aMatemáticas aplicadas. 4aMatemáticas. 4aProfesores. 4aReprobación escolar. 4aArtículos electrónicos.1 aTostado Uribe, María de Jesús,eautor.1 tTiempo de educar.xISSN 1665-0824dToluca, México: Universidad Autónoma del Estado de México, Instituto Tecnológico de Toluca, Instituto de Ciencias de la Educación del Estado de México.gvol. 5, Num. 9 (Ene-Jun 2004), p. 141-1722 aelibro, Corp.40uhttps://elibro.net/ereader/politecnicointernacional/23724 c63199d63199